| 000 | 00645nam a22002177a 4500 | ||
|---|---|---|---|
| 999 |
_c2332 _d2332 |
||
| 003 | URS | ||
| 005 | 20220114142111.0 | ||
| 008 | 191115s2004 ph |||| |||| 00| 0 eng d | ||
| 020 | _a9714204569 | ||
| 040 |
_cURS _beng _drda |
||
| 050 | 1 | 4 |
_aT11 _b.I248 2004 |
| 100 | _aIgoy,Judy Imelda A. | ||
| 245 | 1 | 0 |
_aTechnical writing and reporting _cJudy Imelda A. Igoy, Apolinario S Saymo, Remedios M. Esperon |
| 260 |
_aBulacan: _bTrinitas Publishing; _c[2004] |
||
| 300 |
_a293pages: _c27 cm. |
||
| 504 | _aIncludes Index | ||
| 650 | _2Technical Writing | ||
| 650 | _aReporting | ||
| 700 | _aSaymo Apolinario S. Esperon,Remedios M. | ||
| 942 |
_2lcc _cF |
||